• 首页
  • 本馆介绍
  • 公告通知
  • 最新文献
  • 馆藏检索
  • 电子资源
  • 读者导购
  • 参考咨询
  • 我的图书馆
  • 登录
  • 详细信息显示
  • 放入我的书架
  • 预约/预借图书
  • 作者相关作品
  • 分类相关作品
  • 丛书相关作品
  • 出版社相关作品

书目信息

  • 表格格式
  • 工作单格式
  • 卡片格式
书名: cliffsTOEFL preparation
作者: Pyle and Munoz.
分册号:
分册名:
出版地: U.S.A,
 
出版社:
出版时间: c 982.
页数: 462 p. ;
开本: 20cm.
丛书名:
中图分类号:
科图分类号:
其他分类号: H319-62
主题词:
电子资源:
000 00365nam 2200145 a 4500
001 E0753712460
005 20070426145909.17
008 070426s982 00010 eng
020    @a0-8220-2018-1.
040    @aPFT@beng
090    @aH319-62
099    @dH319-62@ex21
245 1  @acliffsTOEFL preparation / @cPyle and Munoz.
260    @aU.S.A,@cc 982.
300    @a462 p. ;@c20cm.
    
    cliffsTOEFL preparation / / Pyle and Munoz.-U.S.A, , c 982.
    462 p. ; ; 20cm.
    
    
    ISBN 0-8220-2018-1.
    
●
相关链接 在E读中查询图书 在五车中查询图书 在当当中查询图书 在豆瓣中查询图书


正题名:cliffsTOEFL preparation     索取号:H319-62/x21         预约/预借

序号 登录号 条形码 馆藏地/架位号 状态 备注
1 116032   202139140   第二样本阅览室/ [索取号:H319-62/x21] 在馆    
唐山师范学院图书馆 欢迎您!
大连网信软件有限公司© 版权所有